Gares sur la ligne de Toulouse à Rodez - Statistiques

Statistiques générales
  • Ce quiz a été pris 75 fois
    73 depuis la dernière actualisation
  • Le résultat moyen est 9 sur 19
Statistiques - réponses
Départements Gares % Correct
Aveyron (12) Rodez
94%
(81) Albi-Ville
85%
Haute-Garonne (31) Toulouse-Matabiau
66%
(81) Gaillac
64%
(81) Carmaux
60%
Aveyron (12) Naucelle
57%
(81) Rabastens - Couffouleux
57%
(81) Albi-Madeleine
53%
Tarn (81) Saint-Sulpice (Tarn)
49%
(81) Lisle-sur-Tarn
45%
(12) Luc-Primaube
45%
Tarn (81) Tanus
42%
(12) Baraqueville - Carcenac-Peyralès
32%
(31) Montastruc-la-Conseillère
26%
(81) Marssac-sur-Tarn
23%
(31) Montrabé
23%
(81) Tessonnières
23%
(31) Gragnague
19%
Haute-Garonne (31) Roquesérière - Buzet
15%
Aucun quiz correspondant
Distribution des résultats
% des personnes avec chaque résultat
Percentile par nombre de réponses
Votre historique - résultats
Vous n’avez pas pris ce quiz depuis la dernière actualisation